LDR 00793naa#a2200193#i#450# 001 EN\\bibl\19252 005 20260418165240.6 100 ## _a20260417b2026####ek#y0engy0150####ca 102 ## _aRU 200 1# _aINTEGRATED APPROACH TO TRANSPORT INFRASTRUCTURE INTEGRATION IN NEW RESIDENTIAL DISTRICTS _eConference article/thesis 210 1# _aVoronezh _cFSBE Institution of Higher Education Voronezh State University of Forestry and Technologies named after G.F. Morozov _d2026 215 ## _a6 с. 608 ## _aConference article/thesis _2local 675 ## _aРегулирование движения. Сигналы (знаки). 656.05 _z 700 #1 _aShtepa _gAleksey Anatol'evich 700 #1 _aZelikova _gN. V. 700 #1 _aShchedrina _gYu. V. 700 #1 _aShatalov _gEvgeniy Vladimirovich 856 4# _abibl.vgltu.ru _u